000 00897nam a2200349Ia 4500
001 4377
005 20240113233733.0
007 ta
008 050610s1988 a g b000 u asm u
020 _cRs. 25.00 (HB)
040 _aCotton College,Assam
041 _aasm
082 _a891.4108
_bDu 95 Bh
100 _aDutta, Birendranath .
245 0 _aBhasa Sahityar Jalangaidi /
_cBirendranath Dutta.
_hTextual Documents
250 _a1st ed. /
260 _aGuwahati :
_bGrantha Pith ,
_c1988.
300 _a116p. :
_bill. ;
_c21cm .
365 _aRs. 25.00
653 _aAssamese Literature-Collections
653 _aPG-Assamese
653 _aMS-Assamese
653 _aG-Assamese
942 _2ddc
_cBK
999 _c4364
_d4364